Statistics for Battlefields of WWI on Map (all countries and 100k+ cities)

Click here to take the quiz!

General Stats

  • This quiz has been taken 2,107 times
  • The average score is 70 of 332

Answers on the Map

Answers color-coded by a green-red scale on the quiz's map according to % correct below.
 

Answer Stats

City/TownPopulationCurrent country% Correct
France
82%
Russia
77%
Belgium
73%
Italy
73%
Luxembourg122,273Luxembourg
70%
Luxembourg
70%
Serbia
70%
Greece
67%
Turkey
67%
Romania
66%
Albania
64%
Brussels1,491,295Belgium
64%
Montenegro
64%
Poland
64%
Belgrade1,166,763Serbia
63%
Bulgaria
63%
Iran
63%
Ukraine
63%
Egypt
61%
China
60%
Finland
59%
Iraq
59%
Kiev2,967,360Ukraine
59%
Belarus
57%
Estonia
57%
Israel
57%
Kosovo
57%
Latvia
57%
Lithuania
57%
Moldova
57%
Saudi Arabia
57%
North Macedonia
56%
Syria
56%
Bucharest1,883,425Romania
55%
Warsaw1,790,658Poland
55%
Armenia
54%
Lebanon
54%
Libya
54%
Azerbaijan
53%
Georgia
53%
Antwerp786,138Belgium
52%
Minsk2,009,786Belarus
52%
Jordan
51%
Tehran8,693,706Iran
51%
Tirana418,495Albania
51%
Rīga627,487Latvia
48%
Tanzania
48%
Yemen
48%
Helsinki1,305,893Finland
47%
Jerusalem1,234,325Israel
47%
Slovakia
47%
Slovenia
47%
South Africa
47%
Sudan
47%
Tallinn (Reval)437,619Estonia
47%
Baghdad6,719,476Iraq
46%
Namibia
46%
Podgorica201,631Montenegro
46%
Vilnius559,250Lithuania
46%
Cameroon
45%
Kenya
45%
Morocco
45%
Nigeria
45%
Odessa1,017,699Ukraine
45%
Lille922,518France
44%
Lviv724,314Ukraine
44%
Mozambique
44%
Skopje509,900North Macedonia
44%
Angola
43%
Republic of Congo
43%
Baku1,756,700Azerbaijan
42%
Pristina145,149Kosovo
42%
Chișinău532,513Moldova
41%
Damascus2,057,536Syria
41%
Togo
41%
Kharkiv1,443,207Ukraine
40%
Tel Aviv-Yafo2,255,880Israel
40%
Beirut1,650,000Lebanon
39%
Zambia
38%
Chad
37%
Donetsk (Yuzovka)908,456Ukraine
37%
Gabon
37%
Ghent273,879Belgium
37%
Liège430,836Belgium
37%
Sevastopol403,893Ukraine
37%
Bruges108,150Belgium
36%
Dar es Salaam4,364,541Tanzania
36%
Mecca1,534,731Saudi Arabia
36%
Rwanda
36%
Tripoli1,650,000Lebanon
36%
Burundi
35%
Amman4,959,393Jordan
34%
Central African Republic
33%
Jeddah3,430,697Saudi Arabia
33%
Medina1,100,093Saudi Arabia
33%
Papua New Guinea
33%
Ramla/Lod153,469Israel
33%
Trieste201,613Italy
33%
Aleppo2,132,100Syria
32%
Palestine
31%
Dnipro (Yekaterinoslav)990,724Ukraine
30%
Lodz679,941Poland
30%
Brest (Brest-Litovsk)340,318Belarus
29%
Luhansk401,297Ukraine
29%
Windhoek325,858Namibia
29%
Kaunas (Kovno)293,257Lithuania
28%
Malawi
28%
Mosul1,361,819Iraq
28%
Yaoundé1,817,524Cameroon
28%
Basra1,676,977Iraq
27%
Gaza1,099,500Palestinian Territories
27%
Niš183,164Serbia
27%
Al-Iskandariya100,619Iraq
26%
Dodoma213,636Tanzania
26%
Haifa285,316Israel
26%
Isfahan2,208,388Iran
25%
Charleroi278,856Belgium
24%
Durrës113,249Albania
24%
Mariupol436,569Ukraine
24%
Rostov-on-Don1,137,904Russia
24%
Qom1,201,158Iran
22%
Van497,443Turkey
22%
Amiens159,811France
21%
Klaipėda (Memel)149,046Lithuania
21%
Lublin339,784Poland
21%
Tabriz1,558,693Iran
21%
Constanța283,872Romania
20%
Gomel507,795Belarus
20%
Kherson286,958Ukraine
20%
Kigali859,332Rwanda
20%
Reims211,812France
20%
Tiraspol133,807Moldova
20%
Turkmenistan
20%
Aden588,938Yemen
19%
Douala1,906,962Cameroon
19%
Trento120,641Italy
19%
Namur111,432Belgium
18%
Arkhangelsk346,979Russia
17%
Qingdao4,556,077China
17%
Shiraz1,565,572Iran
17%
Tyre125,000Lebanon
16%
Zaporizhia (Alexandrovsk)731,922Ukraine
16%
Grodno357,510Belarus
15%
Homs652,609Syria
15%
Simferopol342,054Ukraine
15%
Białystok297,554Poland
14%
Bujumbura (Usumbura)497,166Burundi
14%
Mons150,292Belgium
14%
Trabzon286,328Turkey
14%
Brașov (Kronstadt)253,200Romania
13%
Mykolaiv480,080Ukraine
13%
Ramallah117,900Palestinian Territories
13%
Udine100,170Italy
13%
Batumi169,095Georgia
12%
Kirkuk972,272Iraq
12%
Leuven134,831Belgium
12%
Mulhouse222,420France
12%
Poltava286,649Ukraine
12%
Sumy262,119Ukraine
12%
Aqaba148,398Jordan
11%
Belgorod394,142Russia
11%
Chernihiv286,899Ukraine
11%
Kryvyi Rih619,278Ukraine
11%
Mogilev357,404Belarus
11%
Prizren108,939Kosovo
11%
Pskov210,340Russia
11%
Rivne (Rovno)246,003Ukraine
11%
Craiova269,506Romania
10%
Ivano-Frankivsk (Stanislau)237,686Ukraine
10%
Kars285,410Turkey
10%
Kerch151,548Ukraine
10%
Lutsk217,315Ukraine
10%
Muş108,049Turkey
10%
Ternopil223,462Ukraine
10%
Ahvaz1,184,788Iran
9%
Beersheba209,687Israel
9%
Kut El Amara389,376Iraq
9%
Lens/Liévin269,029France
9%
Melitopol151,948Ukraine
9%
Nazareth119,179Israel
9%
Pinsk125,900Belarus
9%
Sidon250,000Lebanon
9%
Vinnytsia370,707Ukraine
9%
Zhytomyr264,318Ukraine
9%
Arusha416,442Tanzania
8%
Cherkasy274,762Ukraine
8%
Chernivtsi267,060Ukraine
8%
Erzurum410,543Turkey
8%
Hama312,994Syria
8%
Kerman537,718Iran
8%
Kortrijk139,418Belgium
8%
Kragujevac150,835Serbia
8%
Ploiești209,945Romania
8%
Samarra144,771Iraq
8%
Tikrit108,964Iraq
8%
Hebron215,600Palestinian Territories
7%
Kermanshah946,651Iran
7%
Khmelnytskyi (Proskuriv)273,713Ukraine
7%
Kielce194,852Poland
7%
Makhachkala (Petrovsk)603,518Russia
7%
Olsztyn (Allenstein)171,979Poland
7%
Rzeszów196,208Poland
7%
Šiauliai101,862Lithuania
7%
Sibiu (Hermannstadt)147,245Romania
7%
Ardabil529,374Iran
6%
Babruysk211,389Belarus
6%
Brăila180,302Romania
6%
Częstochowa220,433Poland
6%
Fallujah250,884Iraq
6%
Karbala711,530Iraq
6%
Mwanza706,453Tanzania
6%
Najaf918,566Iraq
6%
Pitești155,383Romania
6%
Płock119,425Poland
6%
Radom211,371Poland
6%
Tabuk512,629Saudi Arabia
6%
Tarnów108,470Poland
6%
Valenciennes136,404France
6%
Ashdod225,939Israel
5%
Ashkelon144,073Israel
5%
Baranavichy174,183Belarus
5%
Barysaw139,481Belarus
5%
Berdyansk109,187Ukraine
5%
Buzău115,494Romania
5%
Derbent125,832Russia
5%
Hamadan554,406Iran
5%
Horlivka242,224Ukraine
5%
Irbid751,645Jordan
5%
Kramatorsk152,120Ukraine
5%
Kremenchuk219,022Ukraine
5%
Kropyvnytskyi (Yelisavetgrad)225,339Ukraine
5%
Lahti119,469Finland
5%
Lida103,391Belarus
5%
Mary (Merv)123,000Turkmenistan
5%
Mazyr105,439Belarus
5%
Nablus164,800Palestinian Territories
5%
Nikopol109,122Ukraine
5%
Qazvīn402,748Iran
5%
Rasht679,995Iran
5%
Rize114,576Turkey
5%
Tanga221,127Tanzania
5%
Urmia736,224Iran
5%
Yevpatoria108,248Ukraine
5%
Arak (Soltan Abad)520,944Iran
4%
Bila Tserkva209,238Ukraine
4%
Brovary108,349Ukraine
4%
Douai110,839France
4%
El Arish191,584Egypt
4%
Erzincan132,315Turkey
4%
Garoua235,996Cameroon
4%
Gyumri (Alexandropol)112,400Armenia
4%
Kamianske231,915Ukraine
4%
Karaj1,592,492Iran
4%
Khan Yunis401,600Palestinian Territories
4%
Makiivka (Dmytriivsk)341,362Ukraine
4%
Nasiriyah558,446Iraq
4%
Orsha106,505Belarus
4%
Sanandaj412,767Iran
4%
Shakhty (Alexandrovsk-Grushevsky)230,262Russia
4%
Sloviansk108,363Ukraine
4%
Taganrog248,643Russia
4%
Ta'if579,970Saudi Arabia
4%
Zanjan430,871Iran
4%
Ağrı (Karaköse)118,928Turkey
3%
Alchevsk106,941Ukraine
3%
Al Diwaniyah403,796Iraq
3%
Amarah527,472Iraq
3%
Bafoussam239,287Cameroon
3%
Bamenda269,530Cameroon
3%
Baneh110,218Iran
3%
Baqubah279,133Iraq
3%
Bukan193,501Iran
3%
Bushehr223,504Iran
3%
Gorgan (Astarabad)350,676Iran
3%
Hillah455,741Iraq
3%
Ilam194,030Iran
3%
Iringa151,345Tanzania
3%
Kalisz100,246Poland
3%
Kasama101,845Zambia
3%
Kashan304,487Iran
3%
Khoy198,845Iran
3%
Mahabad168,393Iran
3%
Maroua201,371Cameroon
3%
Morogoro305,840Tanzania
3%
Ngaoundéré152,698Cameroon
3%
Pavlohrad104,225Ukraine
3%
Rafaḥ225,200Palestinian Territories
3%
Ramadi223,525Iraq
3%
Saveh220,762Iran
3%
Songea203,309Tanzania
3%
Sosnowiec199,974Poland
3%
Tabora160,608Tanzania
3%
Włocławek109,883Poland
3%
Yanbu233,236Saudi Arabia
3%
Ahar100,641Iran
2%
Al-Mahmoudiyah101,421Iraq
2%
Al-Qurnah126,434Iraq
2%
Al-Shatrah182,175Iraq
2%
Az-Zubayr300,751Iraq
2%
Bandar-e Anzali118,564Iran
2%
Bataysk127,919Russia
2%
Bingöl123,958Turkey
2%
Bukoba128,796Tanzania
2%
Dąbrowa Górnicza119,373Poland
2%
Douma110,893Syria
2%
Gisenyi136,830Rwanda
2%
Kalar145,164Iraq
2%
Khenifra117,510Morocco
2%
Kigoma215,458Tanzania
2%
Kisii112,417Kenya
2%
Kumba144,268Cameroon
2%
Madaba105,353Jordan
2%
Mafraq106,008Jordan
2%
Malayer170,237Iran
2%
Maragheh175,255Iran
2%
Marand130,825Iran
2%
Miandoab134,425Iran
2%
Moshi184,292Tanzania
2%
Nkongsamba104,050Cameroon
2%
Novocherkassk168,035Russia
2%
Rehovot194,255Israel
2%
Robat Karim105,393Iran
2%
Samawah221,743Iraq
2%
Saqqez165,258Iran
2%
Shinyanga103,795Tanzania
2%
Zahlé140,000Lebanon
2%
Al-Ḥawiyah148,151Saudi Arabia
1%
Ar-Ramtha155,693Jordan
1%
Beit Shemesh124,957Israel
1%
Deir al-Balah (Darum)294,300Palestinian Territories
1%
Suq ash Shuyukh131,576Iraq
1%
Tuz Khurmatu102,565Iraq
1%

Score Distribution

Percentile by Number Answered

Percent of People with Each Score

Your Score History

You have not taken this quiz